|
|
|
|
| LEADER |
02175nam a2200601 i 4500 |
| 001 |
nkc20193159399 |
| 003 |
CZ PrNK |
| 005 |
20241216152314.0 |
| 007 |
ta |
| 008 |
191114s2019 xr abf f 001 0 cze |
| 015 |
|
|
|a cnb003159399
|
| 020 |
|
|
|a 978-80-246-4327-4
|q (brožováno)
|
| 035 |
|
|
|a (OCoLC)1135611929
|
| 040 |
|
|
|a ABA001
|b cze
|e rda
|
| 041 |
0 |
|
|a cze
|b eng
|
| 043 |
|
|
|a e-xr---
|
| 072 |
|
7 |
|a 316.4/.7
|x Sociální interakce. Sociální komunikace
|2 Konspekt
|9 18
|
| 080 |
|
|
|a 502.5
|2 MRF
|
| 080 |
|
|
|a 725.94
|2 MRF
|
| 080 |
|
|
|a 725.945
|2 MRF
|
| 080 |
|
|
|a 903.6
|2 MRF
|
| 080 |
|
|
|a 316.6:159.953
|2 MRF
|
| 080 |
|
|
|a (437.3)
|2 MRF
|
| 080 |
|
|
|a (048.8)
|2 MRF
|
| 100 |
1 |
|
|a Pauknerová, Karolína,
|d 1977-
|7 jo2012728052
|4 aut
|
| 245 |
1 |
0 |
|a Krajina mezi pamětí a zapomínáním :
|b studie z Čech /
|c Karolína Pauknerová
|
| 250 |
|
|
|a První vydání
|
| 264 |
|
1 |
|a Praha :
|b Univerzita Karlova, nakladatelství Karolinum,
|c 2019
|
| 300 |
|
|
|a 208 stran, 11 nečíslovaných stran obrazových příloh :
|b ilustrace (některé barevné), mapy ;
|c 24 cm
|
| 336 |
|
|
|a text
|b txt
|2 rdacontent
|
| 337 |
|
|
|a bez média
|b n
|2 rdamedia
|
| 338 |
|
|
|a svazek
|b nc
|2 rdacarrier
|
| 500 |
|
|
|a V roce 2024 první dotisk
|
| 504 |
|
|
|a Obsahuje bibliografii, bibliografické odkazy a rejstřík
|
| 546 |
|
|
|a Anglické resumé
|
| 650 |
0 |
7 |
|a krajina
|7 ph115006
|z Česko
|2 czenas
|
| 650 |
0 |
7 |
|a drobná architektura
|7 ph134695
|z Česko
|2 czenas
|
| 650 |
0 |
7 |
|a památníky
|7 ph115661
|z Česko
|2 czenas
|
| 650 |
0 |
7 |
|a megalitické památky
|7 ph122742
|z Česko
|2 czenas
|
| 650 |
0 |
7 |
|a sociální paměť
|7 ph114496
|z Česko
|2 czenas
|
| 650 |
0 |
9 |
|a landscape
|z Czechia
|2 eczenas
|
| 650 |
0 |
9 |
|a small architecture
|z Czechia
|2 eczenas
|
| 650 |
0 |
9 |
|a monuments
|z Czechia
|2 eczenas
|
| 650 |
0 |
9 |
|a megalithic monuments
|z Czechia
|2 eczenas
|
| 650 |
0 |
9 |
|a social memory
|z Czechia
|2 eczenas
|
| 655 |
|
7 |
|a monografie
|7 fd132842
|2 czenas
|
| 655 |
|
9 |
|a monographs
|2 eczenas
|
| 910 |
2 |
|
|a BOA001
|b 2-1442.024
|
| 928 |
9 |
|
|a Karolinum
|
| 990 |
|
|
|a BK
|
| 995 |
|
|
|a 01
|
| 991 |
|
|
|b 202001
|c NOV
|
| 996 |
6 |
|
|b 2610809806
|c 2-1442.024
|l MZK
|r Sklad / do 1 hodiny
|n 6
|p p.v.
|w 001774398
|u 000010
|a 1
|e BOA001
|j MZK50
|s P
|